Statistics for Lithuania First Level Subdivisions

Click here to take the quiz!

General Stats

  • This quiz has been taken 160 times
  • The average score is 6 of 10

Answer Stats

Apskritys% Correct
Vilnius
95%
Kaunas
83%
Klaipėda
64%
Alytus
52%
Šiauliai
52%
Utena
48%
Marijampolė
45%
Panevėžys
43%
Tauragė
43%
Telšiai
40%

Score Distribution

Percentile by Number Answered

Percent of People with Each Score

Your Score History

You have not taken this quiz